000 00588cam a2200217ua 4500
001 6181
008 131120n ii |||gr||||Z||||||eng
020 _a978-81-272-6155-9
040 _cMAIN
082 _a657
245 _aBook-Keeping and Accountancy
_cBy C. Mohan Juneja
250 _a9th rev. & enlarged ed.
260 _aLudhiana:
_bKalyani Publishers,
_c1982.
300 _ax,21.10p.
653 _aCommerce
653 _aBook-Keeping and accountancy
700 _aJuneja,C. Mohan,
_eAuthor.,
700 1 _aArora,J.S.,
_eAuthor.
700 1 _aChawla,R.C.,
_eAuthor.
942 _cBK
999 _c5333
_d5333